Les 40 communes de Seine-Saint-Denis - Statistiques

Statistiques générales
  • Ce quiz a été pris 1 271 fois
  • Le résultat moyen est 22 sur 40
Statistiques - réponses
Hint Réponse % Correct
93200 Saint-Denis
94%
93300 Aubervilliers
84%
93000 Bobigny
84%
93600 Aulnay-sous-Bois
77%
93100 Montreuil
76%
93500 Pantin
73%
93120 La Courneuve
72%
93700 Drancy
69%
93160 Noisy-le-Grand
69%
93130 Noisy-le-Sec
69%
93140 Bondy
65%
93400 Saint-Ouen
65%
93270 Sevran
64%
93260 Les Lilas
61%
93170 Bagnolet
60%
93340 Le Raincy
57%
93240 Stains
55%
93350 Le Bourget
53%
93360 Neuilly-Plaisance
53%
93330 Neuilly-sur-Marne
53%
93150 Le Blanc-Mesnil
52%
93110 Rosny-sous-Bois
52%
93420 Villepinte
52%
93390 Clichy-sous-Bois
51%
93220 Gagny
51%
93370 Montfermeil
51%
93800 Épinay-sur-Seine
48%
93290 Tremblay-en-France
48%
93230 Romainville
46%
93250 Villemomble
45%
93310 Le Pré-Saint-Gervais
43%
93190 Livry-Gargan
42%
93430 Villetaneuse
41%
93440 Dugny
38%
93320 Les-Pavillons-sous-Bois
38%
93380 Pierrefitte-sur-Seine
37%
93450 L'Île-Saint-Denis
32%
93470 Coubron
30%
93410 Vaujours
30%
93460 Gournay-sur-Marne
26%
Aucun quiz correspondant
Distribution des résultats
% des personnes avec chaque résultat
Percentile par nombre de réponses
Votre historique - résultats
Vous n’avez pas pris ce quiz